Govt. of
Madhya Pradesh

श्रीराम कथा (Record no. 46227)

MARC details
000 -LEADER
fixed length control field 005100000a22001690004500
003 - CONTROL NUMBER IDENTIFIER
control field MACL
005 - DATE AND TIME OF LATEST TRANSACTION
control field 20160505122308.0
008 - FIXED-LENGTH DATA ELEMENTS--GENERAL INFORMATION
fixed length control field 160505b xxu||||| |||| 00| 0 eng d
040 ## - CATALOGING SOURCE
Original cataloging agency MACL
Transcribing agency MACL
041 ## - LANGUAGE CODE
Language code of text/sound track or separate title Hindi
082 ## - DEWEY DECIMAL CLASSIFICATION NUMBER
Classification number 294
100 ## - MAIN ENTRY--PERSONAL NAME
Personal name भटनागर, क्षमा
9 (RLIN) 55269
245 ## - TITLE STATEMENT
Title श्रीराम कथा
Statement of responsibility, etc. क्षमा भटनागर
260 ## - PUBLICATION, DISTRIBUTION, ETC. (IMPRINT)
Place of publication, distribution, etc. नई दिल्‍ली
Date of publication, distribution, etc. 2011
Name of publisher, distributor, etc. नेशनल काउंसिल
350 ## - PRICE (NR) (BK AM CF MU VM SE) [OBSOLETE]
Price 350
942 ## - ADDED ENTRY ELEMENTS (KOHA)
Koha item type Hindi Books
Call number prefix 294
Source of classification or shelving scheme
Holdings
Withdrawn status Lost status Source of classification or shelving scheme Damaged status Not for loan Home library Current library Date acquired Cost, normal purchase price Total Checkouts Full call number Barcode Date last seen Date last checked out Uniform Resource Identifier Price effective from Koha item type
          MACL MACL 15/04/2015 350.00 1 294 CRH028043 25/09/2016 11/09/2016 46738 15/04/2015 Books